00513nam a2200157 a 450000100100000000500170001000800410002704000250006804100080009324500500010126000380015130000350018904900090022495201050023399900170033800003158520200930063032.0110627s1958 dr 000 0 spa d aDO-SdBNPbspacBNPHU17aeng00aEstablishment of the Patronato de San Rafael. a[Santo Domingo] :b[s.n.],c1958. a15 p. :bil., retrs. ;c23 cm. aBNPD 0010718PDaPDbPDcCTd2011-06-27iLF1l0o p31585-10r2020-06-25w2020-06-25yLFPDZNo se presta c31077d31077